| 000 | 01023nam a22003137a 4500 | ||
|---|---|---|---|
| 003 | CHAP | ||
| 005 | 20220329135038.0 | ||
| 008 | 971013s1964 r 00010 d | ||
| 010 | _a30052 | ||
| 011 | _a31024 | ||
| 035 | _a35136 | ||
| 040 | _cCHAP | ||
| 082 |
_a339.23 _bN32 |
||
| 100 | 0 | 0 |
_aNaciones Unidas. Departamento de Asuntos Económicos y Sociales. _980015 |
| 245 | _aInput-output bibliography, 1960-1963 | ||
| 260 |
_aNew York : _bNaciones Unidas, _c1964 |
||
| 300 | _a159 p. | ||
| 490 |
_aStatistical papers. Series M _v; 39 |
||
| 590 |
_aBATCH-UPD _b10 _c20130110 _lUCH01 _h0112 |
||
| 590 |
_aBATCH-UPD _b10 _c20130110 _lUCH01 _h2305 |
||
| 590 |
_aBATCH-UPD _b10 _c20130410 _lUCH01 _h1557 |
||
| 590 |
_aBATCH-UPD _b10 _c20130914 _lUCH01 _h1817 |
||
| 590 |
_aCONVERSION _b10 _c20130109 _lUCH01 _h1317 |
||
| 650 | 1 | 4 |
_aMicroeconomía _xBibliogafía. _975510 |
| 830 | 0 |
_aStatistical papers. Series M _v; 39 _9109521 |
|
| 901 | _aBK | ||
| 942 | _cLIBRO | ||
| 949 |
_a339.23 N32 _bBC _cC _d33724000158713 _eC _h8921 _i35136 _si |
||
| 999 |
_c30052 _d30052 |
||